|
|
|
|
| LEADER |
00000nam0a2200000 4500 |
| 001 |
301320 |
| 005 |
20231102001405.0 |
| 020 |
|
|
|a RU
|b 80-88812
|
| 035 |
|
|
|a (RuTPU)RU\TPU\book\326492
|
| 090 |
|
|
|a 301320
|
| 100 |
|
|
|a 20150729d1980 km y0rusy5003 ca
|
| 101 |
0 |
|
|a rus
|
| 102 |
|
|
|a UA
|
| 105 |
|
|
|a a z 000zy
|
| 200 |
1 |
|
|a Логическое программирование в занимательных задачах
|
| 210 |
|
|
|a Киев
|c Технiка
|d 1980
|
| 215 |
|
|
|a 79 с.
|c ил.
|
| 606 |
1 |
|
|a Программирование логическое
|2 stltpush
|3 (RuTPU)RU\TPU\subj\51781
|9 70346
|
| 610 |
1 |
|
|a ЭВМ
|
| 610 |
1 |
|
|a занимательные задачи
|
| 610 |
1 |
|
|a алгоритмы
|
| 610 |
1 |
|
|a игры
|
| 610 |
1 |
|
|a алгебра высказываний
|
| 610 |
1 |
|
|a алгоритм узнавания
|
| 675 |
|
|
|a 681.3.06
|z rus
|v 3
|
| 700 |
|
1 |
|a Касаткин
|b В. Н.
|g Валентин Николаевич
|4 070
|
| 801 |
|
0 |
|a RU
|b RuMRKP
|c 19950704
|g psbo
|
| 801 |
|
1 |
|a RU
|b 63413507
|c 20150729
|
| 801 |
|
2 |
|a RU
|b 63413507
|c 20190307
|g RCR
|
| 942 |
|
|
|c BK
|